000 00527nam a2200193 a 4500
001 1775557787921
003 YourLibrary
005 20260407160211.0
008 260407s2006##################000#0#eng##
020 _a9788171771769
082 0 4 _a348.54044
_bSAH
100 1 _aSaharay, H. K.,
_eauthor.
245 1 0 _aSupreme Court on Foreign Decisions and Authorities :
260 _c2006.
300 _a997 pages
650 0 _aAnnotations and citations (Law).
942 _cENGLISH
040 _aYourLibrary
_beng
_cYourLibrary
999 _c619020
_d619020